000 00311nam a2200109Ia 4500
008 171211s9999 xx 000 0 und d
245 _aHow to Design and Write Web Pages Today
245 _cKarl Stolley
260 _c2011
650 _xWeb Development
856 _uhttp://down.ebook777.com/011/9780313380389.pdf
999 _c350085
_d350085